Syn národovca v Špidlovej diplomovke

Historický pohľad na vznik Živnostenskej banky. Životopis a profesné zameranie Pavla Kuzmányho. Kuzmány a funkcia riaditeľa Živnostenskej banky.

Guardado en:
Detalles Bibliográficos
Autor principal: Tkáč, Marián
Formato: Capítulo de libro
Lenguaje:eslovaco
Materias:
Etiquetas: Agregar Etiqueta
Sin Etiquetas, Sea el primero en etiquetar este registro!

MARC

LEADER 00000naa a2200000 4500
001 r049575
005 20230908083821.2
041 0 |a slo 
044 |a SK 
245 1 0 |a Syn národovca v Špidlovej diplomovke  |c Marián Tkáč 
520 |a Historický pohľad na vznik Živnostenskej banky. Životopis a profesné zameranie Pavla Kuzmányho. Kuzmány a funkcia riaditeľa Živnostenskej banky. 
610 2 0 |a banky živnostenské 
610 2 0 |a bankovníctvo 
610 2 0 |a životopisy 
610 2 0 |a Kuzmány, P. 
100 1 |a Tkáč, Marián